Statistics for Finger Lakes Quiz

Click here to take the quiz!

General Stats

  • This quiz has been taken 30 times
  • The average score is 6 of 11

Answer Stats

Area in sq miHintLake% Correct
67.6SSeneca
96%
66.8CCayuga
91%
18.1KKeuka
78%
16.5CCanandaigua
74%
2.77HHoneoye
52%
10.4OOwasco
52%
2.81HHemlock
43%
14.0SSkaneateles
39%
1.01CCanadice
35%
5.34CConesus
35%
3.46OOtisco
35%

Score Distribution

Percentile by Number Answered

Percent of People with Each Score

Your Score History

You have not taken this quiz